00522nam a2200193 a 450000100060000000300080000600500170001400800410003103500190007204000270009104100080011808200250012610000100015124500490016126000410021030000250025150400260027665000260030261131BD-RjUL20211209080926.0170115s1966 pak b s000 0 eng  a(BD-RjUL)61255 aDLCcDLCdBD-RjULbeng aeng00a658.15223bPIS 1966 aPinto aA study of financial administration /cPinto aKarachi :bAsian Book Centre,c1966. aiv, 168 p. ;c19 cm. aInclude Bibliography  aFinancial Management.